000 00920na a2200277 4500
999 _c13141
_d13141
001 16768
003 MIRAKIL
005 20190415155153.0
008 161013b tu 000 0
020 _a9944890693
040 _aMilas
_btur
_cTR-AnCHP
041 _atur
082 _a347.03502643
_bT34ö 2006
090 _a347.03502643 T34ö 2006
100 _aTekin, Önder
245 _aÖzelleştirme uygulamalarına ilişkin anayasa mahkemesi ve danıştay kararları
_cÖnder Tekin
260 _aAnkara
_bTMMOB Elektrik Mühendisleri Odası Ankara Şubesi
_c2006
300 _axiv, 801 s.
_c29 sm.
490 _aEMO
_v2
610 _aDanıştay
_xMahkeme kararları
_yÖzelleştirme uygulamaları
610 _aAnayasa Mahkemesi
_xMahkeme kararları
_yÖzelleştirme uygulamaları
650 _aEkonomi
_xÖzelleştirme
_yTürkiye
_zHukuk ve mevzuat
942 _2ddc
_cBKS
999 _d13141
999 _d3602